| 000 | 00469nam a2200181Ia 4500 | ||
|---|---|---|---|
| 001 | 17785 | ||
| 005 | 20260306171542.0 | ||
| 008 | 260306s9999||||xx |||||||||||||| ||und|| | ||
| 041 | _aESP | ||
| 082 |
_a658.16 _bS29 |
||
| 100 |
_aSchaan, Jean-Louis _eAUT |
||
| 245 | 0 |
_aGestión de alianzas estratégicas: _bconstruyendo alianzas que funcionen |
|
| 260 | _c2012 | ||
| 300 |
_a187 páginas : _c23 cm. |
||
| 650 | _aGEN | ||
| 654 | _aCAN | ||
| 942 |
_cLIB _dJUS _fJUS _2ddc _n |
||
| 999 |
_c17785 _d17785 |
||